| 000 | 00686 a2200253 4500 | ||
|---|---|---|---|
| 003 | 0198931 | ||
| 005 | 20250919093054.0 | ||
| 008 | 250903b |||||||| |||| 00| 0 eng d | ||
| 020 | _a978-1-032-56340-4 | ||
| 040 |
_cNile University of Nigeria , Abuja. _erda |
||
| 050 | _aKN 170 .E3 | ||
| 082 | _aKN 170 .E3 | ||
| 100 |
_aEdwards Susan S.M _d2025 |
||
| 245 |
_aContempory Family Law _bPrinciples and Practice |
||
| 260 |
_aUSA _bRoutledge _c2025 |
||
| 264 |
_aUSA _bRoutledge _c2025 |
||
| 300 | _bixiv, 601p.: | ||
| 336 | _2rdacontent | ||
| 338 | _2rdacarrier | ||
| 500 | _aIndex and References | ||
| 505 | _rJudith Bray | ||
| 650 | _aFamily Law | ||
| 942 |
_2lcc _cBK |
||
| 999 |
_c43623 _d43623 |
||